Statistics for Friends: Who Said That?

Click here to take the quiz!

General Stats

  • This quiz has been taken 1,916 times
  • The average score is 9 of 13

Answer Stats

HintAnswer% Correct
No it didn't get me; you get me, you kill me!Chandler Bing
99%
Pivot! Pivot! Pivot!Ross Geller
99%
It's icky!Monica Geller
98%
And the chicken pooped in her lap!Rachel Green
98%
I'm curvy and I like it!Joey Tribbiani
96%
Pick up the sock!!!Phoebe Buffay
96%
15 Yemen Road, YemenJanice Goralnik
93%
Yeah, my nose was getting lonelyRichard Burke
69%
And you knew about this?Judy Geller
67%
What? Go back? To the land where time stands still?Mike Hannigan
58%
Oh my God. There's an unattractive nude man playing the celloSandra Green
31%
Oh, had a little heart attackDr. Leonard Green
23%
Phoebe likes Joey!Charlie Wheeler
22%

Score Distribution

Percentile by Number Answered

Percent of People with Each Score

Your Score History

You have not taken this quiz